000 00823nam a2200253Ia 4500
003 OSt
005 20220926010521.0
006 a|||||r|||| 00| 0
007 ta
008 220923b |||||||| |||| 00| 0 eng d
020 _a8188965219
_c318.75
037 _b4504, 24/11/2011, RAJKIRAN BOOK AGENCY
_cGeneral Book
040 _aRTL
_cRTL
_beng
041 _2eng
_aeng
082 _aY15.2.P, P4/TD
100 _aChaudhuri Maitrayee
_939572
245 0 _aFeminism in India
260 _a New Delhi
_bWomen Unlimited
_c2004
300 _axlvi, 359p
_ccm.
490 _aIssues in Contemporary Indian Feminism; 2
500 _aBibliography chapterwise; Scanned
942 _hY15.2.P, P4/TD
_cGB
_2CC
999 _c617481
_d617481